[Event "Indywidualne Mistrzostwa Polski Juniorow - C18"]
[Site "Szczyrk"]
[Date "2013-03-21"]
[Round "6.24"]
[White "Moszczenski, Milosz"]
[Black "Mikolajczak, Wojciech"]
[Result "1-0"]
[WhiteTitle "I"]
[BlackTitle "II+"]
[WhiteElo "1754"]
[BlackElo "1740"]

1. d4 c5 2. d5 d6 3. c4 Nf6 4. Nc3 g6 5. e4 Bg7 6. Nf3 Bg4 7. h3 Bxf3 8. Qxf3 Nbd7
9. Bd3 O-O 10. O-O Ne5 11. Qe2 Nxd3 12. Qxd3 Nd7 13. f4 a6 14. a4 Qa5 15. Bd2
Qb6 16. a5 Qc7 17. Na4 Rab8 18. Bc3 Bxc3 19. Qxc3 b5 20. axb6 Nxb6 21. e5 Rfd8
22. exd6 exd6 23. f5 Qd7 24. Nxb6 Rxb6 25. fxg6 fxg6 26. Qf6 Rdb8 27. Rae1 R6b7
28. Re6 Qd8 29. Rxd6 Qxf6 30. Rdxf6 Rxb2 31. Rxa6 Rc2 32. Rf4 Rbb2 33. Rg4 Ra2
34. Re6 Ra5 35. Re7 Rd2 36. Rge4 Kf8 37. Rxh7 Ra4 38. Rc7 Rxd5 39. cxd5 Rxe4 40.
Rxc5 Rd4 41. Rc6 Kf7 42. d6 g5 43. Rc7+ Kf6 44. d7 Ke7 45. d8=Q+ Kxd8 46. Rg7
Rd5 47. Kf2 Ke8 48. Kf3 Kf8 49. Rb7 Rd4 50. Kg3 Rd3+ 51. Kg4 Rd2 52. g3 Rd5 53.
Rh7 Kg8 54. Rh5 Rd4+ 55. Kxg5 Kg7 56. g4 Rd5+ 57. Kh4 Rd6 58. Rf5 Kg6 59. Kg3
Rd3+ 60. Rf3 Rd1 61. h4 Rg1+ 62. Kf4 Ra1 63. Rf2 Ra4+ 64. Kg3 Ra3+ 65. Rf3 Ra1
66. h5+ Kg7 67. Kh4 Ra4 68. Kg5 Ra5+ 69. Rf5 Ra6 70. Rb5 Ra7 71. h6+ Kh7 72. Kh5
Ra8 73. Rb7+ Kg8 74. g5 Rc8 75. Rb6 Ra8 76. Kg6 Kh8 77. Rb7 Rg8+ 78. Kh5 Rc8 79.
h7 Rc1 80. Kh6 Rh1+ 81. Kg6 Rh6+ 82. Kf5 Rxh7 83. Rxh7+ Kxh7 84. Kf6 Kg8 85. Kg6
1-0